000 01132nam a22003497a 4500
003 CHAP
005 20220329141025.0
008 971013s1994 r 00010 d
010 _a61458
011 _a62430
035 _a66604
040 _cCHAP
082 _a633.18
_bZ4
100 0 0 _aZeigler, R. S.
_eed.
_9123863
245 _aRice blast disease
260 _aOxon :
_bCAB International,
_c1994
300 _a626 p.
_b: ilus.
590 _aBATCH-UPD
_b10
_c20130110
_lUCH01
_h0200
590 _aBATCH-UPD
_b10
_c20130110
_lUCH01
_h0758
590 _aBATCH-UPD
_b10
_c20130110
_lUCH01
_h2358
590 _aCONVERSION
_b10
_c20130109
_lUCH01
_h1333
650 1 4 _aArroz
_xEnfermedades por hongos.
_97601
650 1 4 _aArroz
_xVariedades resistentes a enfermedades.
_97669
650 1 4 _aMagnaporthe grisea.
_969845
650 1 4 _aPyricularia grisea.
_993099
700 0 _aLeong, S. A.
_eed.
_966074
700 0 _aTeng, Paul S.
_eed.
_9112254
710 0 _aInternational Rice Research Institute.
_959779
901 _aBK
942 _cLIBRO
949 _a633.18 Z4
_bBC
_cLIBRO
_d33724000603452
_eLIBRO
_gI.181690
_h90429
_i66604
_si
_t1106.00
999 _c61458
_d61458